| 000 | 00369nam a2200157Ia 4500 | ||
|---|---|---|---|
| 008 | 221030s9999 xx 000 0 und d | ||
| 020 | _a8183180728 | ||
| 041 | _aEnglish | ||
| 082 |
_a105.23 _bAro |
||
| 100 | _aM. N. Arora | ||
| 245 | 0 | _aManagement Accounting | |
| 260 |
_bHimalaya Pub House _aNew Delhi _c2004 |
||
| 300 | _a11.71 | ||
| 650 | _aManagement | ||
| 942 | _cBK | ||
| 999 |
_c404 _d404 |
||